Guess the Fusion Rock Song Lyrics #338 - Statistics

General Stats
  • This quiz has been taken 10 times
  • The average score is 108 of 135
Answer Stats
Answer % Correct
gone
100%
I
100%
is
100%
Oh
100%
The
100%
the
100%
a
89%
all
89%
All
89%
And
89%
away
89%
be
89%
do
89%
for
89%
like
89%
me
89%
on
89%
so
89%
You
89%
you
89%
your
89%
But
78%
done
78%
from
78%
good
78%
I'm
78%
it
78%
It's
78%
it's
78%
know
78%
man
78%
now
78%
over
78%
that
78%
well
78%
wrong
78%
you'll
78%
baby
67%
BB King
67%
I'll
67%
I"ll
67%
Just
67%
thrill
67%
can
56%
free
56%
should
56%
sorry
56%
live
44%
spell
44%
wish
44%
someday
33%
Someday
33%
lonely
22%
still
22%
Although
0%
No matching quizzes found
Score Distribution
Percent of People with Each Score
Percentile by Number Answered
Your Score History
You have not taken this quiz